00812nam a2200205 a 45000050016000000080041000160100017000570200026000740350017001000370008001170400018001250820006001431000019001492450146001682600036003142700063003503000033004135200142004467000018005882009121907127.0080508s2008 ctua 000 0 eng  aB-380140-159 c199.00a9780143330981 aB-380140-159 bUBH adplbEnglish  aS aNarayan, R.K.  aMalgudi schooldays:cby R.K.Narayan; introduction by Shashi Deshpande; illustrated by R.K. Laxman bthe adventures of Swami and his friends / aNew Delhi bPuffin Books c2010 a11 Community Centre, Panchsheel Park, bNew Delhi e110017 axi, 238p.:c20cm(pbk) bill  aCollects anecdotes from teenagers about friendship, peer pressure, self-acceptance, family life, relationships, and overcoming obstacles. aLaxman, R.K.